Traffic flow modeling using lattice hydrodynamics approach (Record no. 393742)

MARC details
000 -LEADER
fixed length control field 00495nam a22001817a 4500
005 - DATE & TIME
control field 20251030144246.0
008 - FIXED-LENGTH DATA ELEMENTS--GENERAL INFORMATION
fixed length control field 251030b |||||||| |||| 00| 0 eng d
040 ## - CATALOGING SOURCE
Original cataloging agency VIVEKANANDA LIBRARY
082 ## - DDC NUMBER
Classification number 511.8
Book Number M471T
100 ## - MAIN ENTRY--PERSONAL NAME
Personal name Meenakshi
245 ## - TITLE STATEMENT
Title Traffic flow modeling using lattice hydrodynamics approach
260 ## - PUBLICATION, DISTRIBUTION, ETC. (IMPRINT)
Name of publisher, distributor, etc Deaprtment of Mathematics, M D University, Rohtak
Date of publication, distribution, etc 2024
300 ## - PHYSICAL DESCRIPTION
Pages xviii, 135
650 ## - Subject
Subject Mathematics
650 ## - Subject
Subject Traffic Flow
700 ## - Added Entry Personal Name
Added Entry Personal Name Redhu, Poonam
942 ## - ADDED ENTRY ELEMENTS (KOHA)
Koha item type Thesis
Holdings
Withdrawn status Lost status Source of classification or shelving scheme Damaged status Not for loan Location (home branch) Sublocation or collection (holding branch) Shelving location Date acquired Koha issues (times borrowed) Koha full call number Accession No. Koha date last seen Copy number Koha item type
    Dewey Decimal Classification     VIVEKANANDA LIBRARY VIVEKANANDA LIBRARY Vivekananda Library 30/10/2025   511.8 M471T 411143 30/10/2025 R Thesis
© Designed and Maintained by Vivekananda Library, MDU Rohtak